| 000 | 00430aam a2200181 4500 | ||
|---|---|---|---|
| 005 | 20220120153137.0 | ||
| 008 | 150810b xxu||||| |||| 00| 0 spa d | ||
| 041 | _aspa | ||
| 082 | _a914.504 I88i6 | ||
| 245 | _aItalia | ||
| 250 | _a6 edición | ||
| 260 |
_bLonely Planet _aAustralia _c2012 |
||
| 300 | _a908 páginas | ||
| 650 |
_aITALIANO _9247 |
||
| 650 |
_aITALIA _92117 |
||
| 650 |
_aGUÍAS TURÍSTICAS _92114 |
||
| 942 | _cBK | ||
| 999 |
_c7486 _d7486 |
||